| 000 | 00395nam a2200157Ia 4500 | ||
|---|---|---|---|
| 003 | 0STCL | ||
| 008 | 150530s9999 xx 000 0 und d | ||
| 040 |
_aSTCL _cSTCL |
||
| 100 | _aPoole | ||
| 245 | _aCritical path on essay on the social context of literary criticism | ||
| 260 |
_bHarvester press _c1983 |
||
| 546 | _aEnglish | ||
| 942 |
_2ddc _cBK |
||
| 999 |
_c50773 _d50773 |
||
| 005 | 20220125170829.0 | ||